How many colors can you name in under 30 seconds? - Statistics

General Stats
  • This quiz has been taken 26 times
  • The average score is 11 of 60
Answer Stats
Color % Correct
Red
86%
Blue
82%
Green
77%
Orange
77%
Yellow
77%
Brown
59%
Pink
59%
Purple
59%
Black
55%
Gray
55%
White
45%
Violet
36%
Maroon
27%
Navy
27%
Tan
27%
Gold
23%
Indigo
18%
Sky
18%
Teal
18%
Turquoise
18%
Lime
14%
Aqua
9%
Beige
9%
Cyan
9%
Magenta
9%
Rose
9%
Scarlet
9%
Azure
5%
Fuchsia
5%
Hot Pink
5%
Ivory
5%
Lavender
5%
Lemon
5%
Lilac
5%
Mint
5%
Olive
5%
Salmon
5%
Tangerine
5%
Apricot
0%
Aquamarine
0%
Canary
0%
Cerulean
0%
Charcoal
0%
Cherry
0%
Chocolate
0%
Coral
0%
Cream
0%
Crimson
0%
Emerald
0%
Forest
0%
Khaki
0%
Mustard
0%
Peach
0%
Plum
0%
Royal
0%
Ruby
0%
Rust
0%
Sapphire
0%
Slate
0%
Umber
0%
No matching quizzes found
Score Distribution
Percent of People with Each Score
Percentile by Number Answered
Your Score History
You have not taken this quiz